Zastavit pohled i krok

Moderné displeje v kreatívnej prezentácii tovaru. Pritiahnúť pozornosť zákazníka - inteligentné obalové riešenia a stojany pre prezentáciu tovaru. Päť dôvodov pre nasadenie predajných stojanov.

Salvato in:
Dettagli Bibliografici
Natura: Capitolo di libro
Lingua:ceco
Soggetti:
Tags: Aggiungi Tag
Nessun Tag, puoi essere il primo ad aggiungerne!!

MARC

LEADER 00000naa a2200000 4500
001 r043375
005 20230522105657.7
041 0 |a cze 
044 |a CZ 
245 1 0 |a Zastavit pohled i krok 
520 |a Moderné displeje v kreatívnej prezentácii tovaru. Pritiahnúť pozornosť zákazníka - inteligentné obalové riešenia a stojany pre prezentáciu tovaru. Päť dôvodov pre nasadenie predajných stojanov. 
610 2 0 |a psychológia predaja 
610 2 0 |a obaly 
610 2 0 |a tovar 
610 2 0 |a predaj 
610 2 0 |a predajne 
610 2 0 |a zákazníci